| Registos Bibliográficos associados ao registo de autoridade |
|
Etiqueta de registo: 00000nam 2200025 450 001 2289286 003 http://id.bnportugal.gov.pt/bib/catbnp/2289286 100 ## $a20260701d2024 k y0pory01030103ba 101 0# $aeng$dpor 102 ## $aPT 105 ## $aa m 000yy 106 ## $ar 200 1# $aDevelopment of an advanced multibody musculoskeletal model of the human movement to
improve device-assisted gait$eapplication to mobility solutions$fMariana Isabel dos Santos Rodrigues da Silva$gorient. João Paulo Flores Fernandes, Pedro Filipe Lima Marques, Miguel Pedro Tavares
da Silva 210 #9 $a[S.l.$cs.n.],$d2024 215 ## $aXLII, 293 p.$cil.$d30 cm 328 #1 $aTese dout. Engenharia Mecânica, Escola de Engenharia, Universidade do Minho, 2024 700 #1 $aSilva,$bMariana Isabel dos Santos Rodrigues da$32002230 702 #1 $aFernandes,$bJoão Paulo Flores$4727$3980956 702 #1 $aMarques,$bPedro Filipe Lima$4727$31841241 702 #1 $aSilva,$bMiguel Pedro Tavares da$4727$3213253 801 #0 $aPT$bBN$gRPC 966 ## $lBN$mFGMON$x1 971 ## $corlando$d20260701
|
|
|